000 00752nam a2200265Ia 4500
003 OSt
005 20220923214710.0
006 a|||||r|||| 00| 0
007 ta
008 220922b |||||||| |||| 00| 0 hin d
020 _c2
024 _a171,767
037 _cTextual
040 _aARTS
_cARTS
_bhin
041 _2hin
_ahin
082 _aO152,3N27,MK, K2
100 _aमिश्र, शिवसागर
_9156279
245 0 _aमगध की जय
246 _aMagadh kī jaya
260 _c1962
490 _aमगध गाथा; 2
650 _aहिन्दी साहित्य
_9156264
942 _hO152,3N27,MK, K2
_cTEXL
_2CC
999 _c325908
_d325908